000 00491nam a2200181Ia 4500
005 20250423101446.0
008 250422s9999 xx 000 0 und d
020 _a020110153
050 _aNK 2195.O4 .B43/
100 _aBecker, Franklin D.
245 4 _aThe successful office : how to create a workspace that's right for you
260 _aNew York
260 _bAddison Wesley Publishing Company
260 _c1982
300 _a212 p
650 _aOffice decoration.
942 _cBK
999 _c36358
_d36358